| 000 | 01116nam a2200289Ia 4500 | ||
|---|---|---|---|
| 003 | OSt | ||
| 005 | 20221005105449.0 | ||
| 006 | a|||||r|||| 00| 0 | ||
| 007 | ta | ||
| 008 | 221004b |||||||| |||| 00| 0 hin d | ||
| 020 |
_a9789326354479 (hbk) _cIndian Rupees 320 |
||
| 024 | _a33868 | ||
| 037 |
_bGift, 05/10/2017, _cTextual |
||
| 040 |
_aCRL _cCRL _bhin |
||
| 041 |
_2hin _ahin |
||
| 082 | _aO111,6M08w, 152Q6 | ||
| 100 | _aनॉर्थअप, सोलोमन, ले. | ||
| 245 | 0 | _aदासता के बारह बरस | |
| 246 | _aDāsatā ke bārah barasa | ||
| 260 |
_aनई दिल्ली _bभारतीय ज्ञानपीठ भारत _c2016 |
||
| 300 |
_a215पृ0 _ccm. |
||
| 490 | _aलोकोदय ग्रन्थमालाः ग्रन्थांक 1273 | ||
| 650 | _a अंग्रेजी साहित्य | ||
| 650 | _aअंग्रेजी निबंध | ||
| 942 |
_hO111,6M08w, 152Q6 _cTEXL _2cc |
||
| 999 |
_c1015911 _d1015911 |
||